La contrucción de aeronaves : su estatuto y régimen de responsabilidad /

Guardado en:
Autor Principal: Capaldo, Griselda D.
Formato: Libro
Idioma:Undetermined
Publicado: Buenos Aires : Departamento de Publicaciones. Facultad de Derecho. Universidad de Buenos Aires, 2000.
Edición:1a. ed.
Materias:
Etiquetas: Agregar Etiqueta
Sin Etiquetas, Sea el primero en etiquetar este registro!
LEADER 00605nam a22001695a 4500
001 DER.der015664
008 260129s2000####ag############000#0#und#d
005 20260129104811.0
245 1 0 |a La contrucción de aeronaves :  |b su estatuto y régimen de responsabilidad /  |c Griselda D. Capaldo. 
250 |a 1a. ed. 
260 |a Buenos Aires :  |b Departamento de Publicaciones. Facultad de Derecho. Universidad de Buenos Aires,  |c 2000. 
300 |a 174 p. 
020 |a 9502906152 
100 1 |a Capaldo, Griselda D. 
650 7 |a DERECHO AERONÁUTICO 
650 7 |a AERONÁUTICA 
859 |a DERECHO  |b BIB. DERECHO  |h 343.09  |i CAP  |p 0010792